| 000 | 00535nam a22001817a 4500 | ||
|---|---|---|---|
| 003 | SISC | ||
| 005 | 20170524104952.0 | ||
| 008 | 170524b xxu||||| |||| 00| 0 eng d | ||
| 020 | _a9781783130122 | ||
| 050 |
_aTS 171 _b.W721 2015 |
||
| 100 | _aWilliams, Gareth. | ||
| 245 |
_aDesign : _ban essential introduction / _cGareth WIlliams. |
||
| 260 |
_aLondon : _bGoodman Fiell, _c2015. |
||
| 300 |
_a197 pages : _bcolor illustrations ; _c24 cm. |
||
| 500 | _aIncludes glossary and index. | ||
| 650 | _aProduct design. | ||
| 942 |
_2lcc _cBK |
||
| 999 |
_c335178 _d335178 |
||